Perfil da economia dos EUA (Record no. 154622)

MARC details
000 -LÍDER
campo de controle de tamanho fixo 00277 a2200121 4500
001 - NÚMERO DE CONTROLE
campo de controle 154622
040 ## - FONTE DA CATALOGAÇÃO
Instituição que transcreveu o registro Escola São Tomás de Aquino
240 10 - TÍTULO UNIFORME
Título uniforme Perfil da economia dos EUA
Idioma da obra por
245 10 - TÍTULO
Título Perfil da economia dos EUA
300 ## - DESCRIÇÃO FÍSICA
Extensão 125
697 ## - ENTRADA DE ASSUNTO LOCAL--ENTIDADE COLETIVA (RLIN)
Nome corporativo ou nome da jurisdição HISTÓRIA
942 ## - ELEMENTOS DE ENTRADA ADICIONADOS (KOHA)
Tipo de material Koha Livros
Holdings
Situação do descarte Situação das perdas Situação física Não pode ser emprestado Biblioteca de origem Biblioteca atual Data de aquisição Total de empréstimos Número de chamada completo Código de barras Data de último acesso Data do preço efetivo Tipo de material Koha
        ESTA - SÃO BENTO ESTA - SÃO BENTO 30/04/2024   900 PER EST00008700 30/04/2024 30/04/2024 Livros